Normal view
MARC view
- ابن تيميه ، تحقيق: زهير الشاويش
Entry Personal Name
001 - CONTROL NUMBER
- control field: 39225
003 - CONTROL NUMBER IDENTIFIER
- control field: JO-AjAnu
005 - DATE AND TIME OF LATEST TRANSACTION
- control field: 20230606080527.0
008 - FIXED-LENGTH DATA ELEMENTS
- fixed length control field: 230606|| aca||aabn | a|a d
040 ## - CATALOGING SOURCE
- Original cataloging agency: JO-AjAnu
- Transcribing agency: JO-AjAnu
100 ## - HEADING--PERSONAL NAME
- Personal name: ابن تيميه ، تحقيق: زهير الشاويش
670 ## - SOURCE DATA FOUND
- Source citation: Work cat.: (JO-AjAnu)20117: ابن تيميه ، تحقيق: زهير الشاويش, author, المسائل الماردينية في فقه الكتاب والسنة ورفع الحرج في العبادات والمعاملات